Mestská časť má nové symboly

Bibliographic Details
Format: Article
Language:Slovak
PhysicalDescription:Fotogr.
Subjects:

MARC

LEADER 00000nab a2200000 a 4500
001 vtls008944006
003 SK-MaSNL
005 20260303070929.0
008 070208c2006 xo drz 0 0slo
038 |a KEVKJB 
040 |a KEVKJB  |b slo  |c KEVKJB  |e AACR2 
041 0 |a slo 
044 |a xo  |c SK 
080 |a 929.6  |2 2001 
245 0 0 |a Mestská časť má nové symboly  |c [autor] -raj- 
300 |b Fotogr. 
650 0 7 |a erby  |2 kevkjb  |9 18910 
650 0 7 |a vlajky  |2 kevkjb  |9 30796 
651 7 |a Košice (Slovensko)  |2 kevkjb  |9 18694 
651 7 |a Sídlisko Ťahanovce (Košice I, Slovensko)  |2 snkbucl  |9 176886 
773 0 |t Ťahanovské noviny  |g Roč. III, č. 2 (2006), s.1 
852 |a KEVKJB  |b KIS3GCP 
999 |c 1757571  |d 1759501